| 000 | 00705nam a2200241Ia 4500 | ||
|---|---|---|---|
| 003 | OSt | ||
| 005 | 20220927110758.0 | ||
| 006 | a|||||r|||| 00| 0 | ||
| 007 | ta | ||
| 008 | 220926b |||||||| |||| 00| 0 eng d | ||
| 024 | _a72514 | ||
| 037 | _cReports | ||
| 040 |
_aRTL _cRTL _beng |
||
| 041 |
_2eng _aeng |
||
| 082 | _a"X9.2,hN27, L4" | ||
| 111 |
_aFederation of Indian Chambers of Commerce and Industry (New Delhi India) _9380239 |
||
| 245 | 0 | _aProceedings of the forty-seventh annual session he | |
| 260 |
_aNew _bDelhi Federation House India _c1974 |
||
| 300 |
_a122p. _ccm. |
||
| 650 | _aIndustrial Economics | ||
| 942 |
_h"X9.2,hN27, L4" _cCC |
||
| 999 |
_c697891 _d697891 |
||